Trains / (Record no. 6881)

MARC details
000 -LEADER
fixed length control field 01310cam a22003854a 4500
001 - CONTROL NUMBER
control field 6881
003 - CONTROL NUMBER IDENTIFIER
control field FISKH
005 - DATE AND TIME OF LATEST TRANSACTION
control field 20250820082836.0
008 - FIXED-LENGTH DATA ELEMENTS--GENERAL INFORMATION
fixed length control field 030327s2004 flua b b 001 0 eng
010 ## - LIBRARY OF CONGRESS CONTROL NUMBER
LC control number 2003007355
020 ## - INTERNATIONAL STANDARD BOOK NUMBER
International Standard Book Number 1589526724
020 ## - INTERNATIONAL STANDARD BOOK NUMBER
International Standard Book Number 9781604728347
040 ## - CATALOGING SOURCE
Original cataloging agency DLC
Transcribing agency DLC
Modifying agency DLC
Language of cataloging eng
050 ## - LIBRARY OF CONGRESS CALL NUMBER
Classification number TF148.A66
082 ## - DEWEY DECIMAL CLASSIFICATION NUMBER
Classification number 385
100 1# - MAIN ENTRY--PERSONAL NAME
Personal name Armentrout, David,
Dates associated with a name 1962-
245 10 - TITLE STATEMENT
Title Trains /
Statement of responsibility, etc. David and Patricia Armentrout.
260 ## - PUBLICATION, DISTRIBUTION, ETC.
Place of publication, distribution, etc. Florida :
Name of publisher, distributor, etc. Rourke Publishing,
Date of publication, distribution, etc. 2004.
300 ## - PHYSICAL DESCRIPTION
Extent 24 pages :
Other physical details color illustrations ;
Dimensions 19 x 20 cm.
490 1# - SERIES STATEMENT
Series statement Transportation
500 ## - GENERAL NOTE
General note R<br/>
504 ## - BIBLIOGRAPHY, ETC. NOTE
Bibliography, etc. note Includes bibliographical references 9p. 24) and index.
505 0# - FORMATTED CONTENTS NOTE
Formatted contents note Trains -- Early trains -- American railroads -- Freight trains -- Amtrak -- Famous trains -- Subways -- Commuter trains -- Maglev trains.
505 0# - FORMATTED CONTENTS NOTE
Formatted contents note R<br/>
520 ## - SUMMARY, ETC.
Summary, etc. Photographs and text provide information about many different types of trains and the work they do.
521 8# - TARGET AUDIENCE NOTE
Target audience note 660<br/>
Source Lexile estimate <br/>
521 8# - TARGET AUDIENCE NOTE
Target audience note R<br/>
Source Raz-Plus<br/>KSP
650 #0 - SUBJECT ADDED ENTRY--TOPICAL TERM
Topical term or geographic name entry element Railroads
Form subdivision Juvenile literature.
650 #1 - SUBJECT ADDED ENTRY--TOPICAL TERM
Topical term or geographic name entry element Railroads.
650 #1 - SUBJECT ADDED ENTRY--TOPICAL TERM
Topical term or geographic name entry element Railroad trains.
700 1# - ADDED ENTRY--PERSONAL NAME
Personal name Armentrout, Patricia,
Dates associated with a name 1960-
Relator term Author
906 ## - LOCAL DATA ELEMENT F, LDF (RLIN)
a 7
b cbc
c orignew
d 1
e ecip
f 20
g y-gencatlg
942 ## - ADDED ENTRY ELEMENTS (KOHA)
Source of classification or shelving scheme Dewey Decimal Classification
Koha item type Books
Suppress in OPAC No
Holdings
Withdrawn status Lost status Source of classification or shelving scheme Damaged status Not for loan Collection Home library Current library Shelving location Date acquired Total Checkouts Full call number Barcode Date last seen Copy number Price effective from Koha item type
    Dewey Decimal Classification     Non-Fiction Footprints International School Library Network Toul Kork Campus Footprints International School Library Network Toul Kork Campus TK Primary Library Room(4th Floor), Bookcase 5&6, Shelves 33-56, Orange Books 06/04/2025   ARM 385 TF148.A66 FISTK00770 06/04/2025 1 06/04/2025 Books
    Dewey Decimal Classification     Non-Fiction Footprints International School Library Network Toul Tom Poung Campus Footprints International School Library Network Toul Tom Poung Campus TTP Primary Orange Bookshelves 08/20/2025   ARM 385 TF148.A66 FIS03735 08/20/2025 2 08/20/2025 Books